{"text_format":"2","workbook":"xlsx","n_sheets":14,"sheets":["PFP","PFP1.1_Topo","PFP1.2_Geo","PFP1.3_Ger","PFP2.1_FatorKa","PFP2.2_FatorKb","PFP2.3_FatorKc","PFP3_FatorKd","CRO1_Ins-Pro","CRO2_Ins-Mes","CPU VEICULO_PickUp","COT. VANT","Planilha de Medição","Cronograma Físico-Financeiro"],"not_rendered":{"charts":0,"images":14,"macros":0,"external_links":34,"defined_names":4265,"comments":0,"pivot_tables":0},"unopened":[],"bounds":{"document_bytes":16777216,"sheet_cells":100000,"run_cost":"one","rows_first":2000,"rows_last":500,"rows_between":2000,"halvings":0,"cell_chars":16384,"cell_head_chars":4096},"cells_cut":0,"cells_raw":0,"read":"whole","date_system":"1900"}

{"sheet":"PFP","index":0,"n_rows":44,"n_cols":14,"rows_kept":44,"cut":false,"hidden":false,"merged":[[12,1,12,2],[13,1,13,2],[14,1,14,2],[15,1,15,2],[16,1,16,2],[23,7,23,10],[23,0,23,6],[22,7,22,10],[22,0,22,6],[30,0,30,10],[24,0,24,6],[24,7,24,10],[27,0,27,10],[26,0,26,10],[38,0,38,10],[31,0,31,10],[33,0,33,10],[25,0,25,10],[32,0,32,10],[28,0,28,10],[34,0,34,10],[35,0,35,10],[36,0,36,10],[37,0,37,10],[29,0,29,10],[0,0,1,8],[4,5,4,8],[0,9,0,10],[1,9,1,10],[4,9,4,10],[2,0,2,10],[3,0,3,10],[4,0,4,4],[5,9,5,10],[5,5,5,8],[21,0,21,6],[21,7,21,10],[5,0,5,4],[20,0,20,6],[20,7,20,10],[6,1,6,2],[7,1,7,2],[8,1,8,2],[9,1,9,2],[10,1,10,2],[11,1,11,2],[17,1,17,2],[18,1,18,2],[19,1,19,2]]}
["PROPOSTA FINANCEIRA DO PROJETO",{"$nulls":8},"CODIGO:"]
[{"$nulls":9},"PFP"]
["NOME DA CONSULTORA:"]
[]
["PROJETO:",{"$nulls":4},"CONTRATANTE:",null,null,null,"BASE:"]
["Contrato para elaboração de ensaios, laudo técnico de avaliação e projeto estrutural de sistema elevado em concreto armado sobre a margem do rio amazonas na cidade de Santana-AP.",{"$nulls":4},"CODEVASF (SEDE)",null,null,null,"2023-11-01"]
["Base","Código",null,"Categoria / Insumo","Uni","Qde","CUD","PU","FatorK","CT","PT","Encargos COMP E ADICIONAIS"]
["SICRO","P8061",null,"Engenheiro coordenador (P8061)","mês",0.95,17018.13,{"$f":"ROUND(I8*G8,2)","v":23912.17},{"$f":"'PFP2.2_FatorKb'!E35","v":1.4051},{"$f":"ROUND(F8*G8,2)","v":16167.22},{"$f":"ROUND(F8*H8,2)","v":22716.560000000001},{"$f":"14633.42-13607.04","v":1026.3799999999992},{"$f":"F8*G8","v":16167.2235}]
["SICRO","P8067",null,"Engenheiro senior (P8066)","mês",3,14672.91,{"$f":"ROUND(I9*G9,2)","v":20616.91},{"$f":"'PFP2.2_FatorKb'!E35","v":1.4051},{"$f":"ROUND(F9*G9,2)","v":44018.73},{"$f":"ROUND(F9*H9,2)","v":61850.73},{"$f":"10299.82-9271.29","v":1028.5299999999988},{"$f":"F9*G9","v":44018.729999999996}]
["SICRO","P8066",null,"Engenheiro pleno (P8066)","mês",3.25,11469.24,{"$f":"ROUND(I10*G10,2)","v":16115.43},{"$f":"'PFP2.2_FatorKb'!E35","v":1.4051},{"$f":"ROUND(F10*G10,2)","v":37275.03},52375.15,{"$f":"9942.82-8914.29","v":1028.5299999999988},37275.03]
["SINAPI",40807,null,"Desenhista (40807)","mês",2.1,2660.12,3737.73,{"$f":"'PFP2.2_FatorKb'!E35","v":1.4051},5586.25,7849.23,{"$f":"3022.03-1944.87","v":1077.1600000000003},5586.2520000000004]
["SICRO","P8147",null,"Técnico de projetos/obra (P8147)","mês",0.25,3091.07,{"$f":"ROUND(I12*G12,2)","v":4343.26},{"$f":"'PFP2.2_FatorKb'!E35","v":1.4051},772.77,1085.82,{"$f":"10248.27-9219.97","v":1028.3000000000011},772.76750000000004,{"$f":"SUM(M8:M12)","v":103820.00300000001}]
["SICRO",null,null,"Encargos Comp. e Adicionais","mês",9.5500000000000007,{"$f":"(F8*L8+F9*L9+F10*L10+F11*L11+F12*L12)/SUM(F8:F12)","v":1039.0036125654444},1177.29,{"$f":"PFP3_FatorKd!$E$17","v":1.1331},{"$f":"ROUND(F13*G13,2)","v":9922.48},11243.12]
["PROP",7592,null,"Topógrafo (7592)","h",30,21.06,{"$f":"ROUND(I14*G14,2)","v":23.86},{"$f":"PFP3_FatorKd!$E$17","v":1.1331},{"$f":"ROUND(F14*G14,2)","v":631.79999999999995},715.8]
["PROP",244,null,"Auxiliar de Topógrafo (0244)","h",60,9.48,10.74,{"$f":"PFP3_FatorKd!$E$17","v":1.1331},568.79999999999995,644.4]
["CODE","Próprio",null,"Relatório Parcial","un",null,33.35,37.79,{"$f":"PFP3_FatorKd!$E$17","v":1.1331},0,0]
["CODE","Próprio",null,"Relatório Final","un",3,1478.8,1675.63,{"$f":"PFP3_FatorKd!$E$17","v":1.1331},4436.3999999999996,5026.8900000000003]
["CODE","Próprio",null,"Total Ensaios no Concreto Armado","un",1,"-",23005.599999999999,"-","-",{"$f":"H18","v":23005.599999999999}]
["CODE","Próprio",null,"Total Serviços Geotécnicos","un",1,"-",18220.3,"-","-",{"$f":"H19","v":18220.3}]
["CODE","Próprio",null,"Total Recursos Gerais","un",1,"-",5266.4,"-","-",{"$f":"H20","v":5266.4}]
["TOTAL DOS CUSTOS DIRETOS",{"$nulls":6},{"$f":"SUM(K8:K17)","v":163507.70000000001}]
["TOTAL DOS ENCARGOS E DISPESAS DIVERSAS",{"$nulls":6},{"$f":"SUM(K18:K20)","v":46492.299999999996}]
["TOTAL DA PROPOSTA A PREÇO GLOBAL",{"$nulls":6},{"$f":"SUM(H21:K22)","v":210000}]
["TOTAL DA PROPOSTA A PREÇO UNITÁRIO",{"$nulls":6},0]
["TOTAL DA PROPOSTA",{"$nulls":6},{"$f":"H23+H24","v":210000}]
["OBSERVAÇÃO:"]
["*Encargos Complementares e adicionais já incluem auxílio transporte"]
["Alocar os Insumos MO, com respectivo FatorK, dentro da categoria de vínculo contratual (celetista, autonomo, societario)"]
["Uni - unidade de medição do insumo;"]
["Qde - Quantidade do Insumo (não pode ocorrer alteração pela Licitante)"]
["CUD - Custo Unitário Direto do Insumo (sem encargos, taxas e impostos, valor não pode ser maior que o Orçado pela Codevasf)"]
["CT - Custo Total (sem encargos, taxas e impostos) - CT = Qde x CUD"]
["FatorK - Taxa de Ressarcimento de Despesas e Encargos (detalhar composição nas Planilhas \"PFP2.1\", \"PFP2.2\", \"PFP3\")"]
["PU - Preço Unitário do Insumo (incluído encargos, taxas e impostos) - PU = CUD x FatorK"]
["PT - Preço Total do Insumo (incluído encargos, taxas e impostos) - PT = Qde x PU"]
["P - Profissionais nível superior nas áreas de Engenharia, Química, Arquitetura, Agronomia e Veterinária, conforme disposições da Lei 4.950-A/66"]
["S - Profissionais de nível superior nas demais áreas de atuação, incluindo Arqueólogo, Biólogo, Geógrafo e Sociólogo"]
["T - Profissionais de nível médio técnico nas diversas áreas de atuação"]
["A - Profissionais de nível médio de apoio técnico-administrativo"]
[]
["Observações: "]
["1- Sistemas oficiais de referência de preços utilizados"]
["Tabela Consultiva do DNIT-Out/2022."]
["SINAPI/AL - 02/2023"]

{"sheet":"PFP1.1_Topo","index":1,"n_rows":23,"n_cols":7,"rows_kept":23,"cut":false,"hidden":false,"merged":[[22,0,22,6],[0,0,1,5],[2,0,2,6],[3,0,3,6],[4,0,4,3],[4,4,4,5],[5,0,5,3],[5,4,5,5],[17,0,17,5],[18,0,18,6],[19,0,19,6],[20,0,20,6],[21,0,21,6]]}
["SERVIÇOS TOPOGRÁFICOS/CARTOGRÁFICOS",{"$nulls":5},"CODIGO:"]
[{"$nulls":6},"PFP-1.1"]
["NOME DA EMPRESA:"]
[]
["PROJETO:",null,null,null,"CONTRATANTE:",null,{"$f":"PFP!J5","v":"BASE:"}]
[{"$f":"PFP!A6","v":"Contrato para elaboração de ensaios, laudo técnico de avaliação e projeto estrutural de sistema elevado em concreto armado sobre a margem do rio amazonas na cidade de Santana-AP."},null,null,null,"CODEVASF (SEDE)",null,{"$f":"PFP!J6","v":"2023-11-01"}]
["Cod.","Base","Insumos","Uni","Qde","Preço Unitário (PU)","Preço Total (PT)"]
["TP02","CODE","Seções Tranversais","km",4,394.36,{"$f":"ROUND(F8*E8,2)","v":1577.44}]
["TP04","CODE","Pontos GPS de dupla frequencia (L1/L2)","un ",3,981.07,2943.21]
["TP05","CODE","Cadastro Físico","ha ",1,17.86,17.86]
["TP06","CODE","Cadastro Agrícola","ha ",1,5.95,5.95]
["TP07","CODE","Cadastro Jurídico","ha ",1,11.91,11.91]
["TP08","CODE","Cadastro Socioeconomico","ha ",1,3.97,3.97]
["TP10","CODE","Marco de Concreto (12x18x60cm)","un ",3,53.89,161.66999999999999]
["TP11","CODE","Barrote de Madeira (10x10x50cm)","un ",5,28.7,143.5]
["TP12","CODE","Piquetes de Madeira (2x2x20cm)","un ",20,2.41,48.2]
["TP13","CODE","Picada Manual p/ levantamento TP","km",4,194.88,779.52]
["TOTAL SERVIÇOS TOPOGRÁFICOS",{"$nulls":5},{"$f":"SUM(G8:G17)","v":5693.23}]
["OBSERVAÇÃO:"]
["Uni - unidade de medição do insumo;"]
["Qde - Quantidade do Insumo (não pode ocorrer alteração pela Licitante)"]
["PU - Preço Unitário (composições padrão da Codevasf, já incluso o FatorK)"]
["PT - Preço Total (incluído encargos, taxas e impostos) - PT = Qde x PU"]

{"sheet":"PFP1.2_Geo","index":2,"n_rows":27,"n_cols":7,"rows_kept":27,"cut":false,"hidden":false,"merged":[[5,0,5,3],[5,4,5,5],[0,0,1,5],[2,0,2,6],[3,0,3,6],[4,0,4,3],[4,4,4,5],[25,0,25,6],[26,0,26,6],[21,0,21,5],[22,0,22,6],[23,0,23,6],[24,0,24,6]]}
["SERVIÇOS GEOLÓGICOS/GEOTÉCNICOS",{"$nulls":5},"CODIGO:"]
[{"$nulls":6},"PFP-1.2"]
["NOME DA EMPRESA:"]
[]
["PROJETO: ",null,null,null,"CONTRATANTE:",null,{"$f":"PFP!J5","v":"BASE:"}]
[{"$f":"PFP!A6","v":"Contrato para elaboração de ensaios, laudo técnico de avaliação e projeto estrutural de sistema elevado em concreto armado sobre a margem do rio amazonas na cidade de Santana-AP."},null,null,null,"CODEVASF (SEDE)",null,{"$f":"PFP!J6","v":"2023-11-01"}]
["Cod.","Base","Insumos","Uni","Qde","Preço Unitário (PU)","Preço Total (PT)"]
["GT 2","CODE","Sondagem a Percussão SPT"]
["GT2.1","CODE","Sondagem Percussão: (Des)Mobilização por equipe","un",1,1249.33,{"$f":"E9*F9","v":1249.33}]
["GT2.2","CODE","Sondagem Percursão: com SPT - Terrestre","m",30,94.11,{"$f":"E10*F10","v":2823.3}]
["GT6.1","CODE","Ensaios de solo"]
["GT6.1.1","CODE","Ensaio: Umidade Natural ","un",7,76.89,538.23]
["GT6.1.2","CODE","Ensaio: Densidade Natural","un",7,68.87,482.09000000000003]
["GT6.1.3","CODE","Ensaio: Limite de Liquidez","un",7,86.09,602.63]
["GT6.1.4","CODE","Ensaio: Limite de Plasticidade","un",7,77.48,542.36]
["GT6.1.5","CODE","Ensaio: Granulometria por Peneiramento","un",7,110,770]
["GT6.1.6","CODE","Ensaio: Granulometria por Sedimentação","un",7,124.27,869.89]
["GT6.1.7","CODE","Ensaio: Compactação Proctor Normal","un",7,150.84,1055.8800000000001]
["GT6.1.8","CODE","Ensaio: Massa Especifica Real dos Grãos","un",7,65.78,460.46000000000004]
["GT6.1.9","CODE","Ensaio: Massa Específica Aparente \"in situ\" ","un",7,73.430000000000007,514.01]
["GT6.1.10","CODE","Ensaio: Adensamento Oedométrico","un",2,267.81,535.62]
["TOTAL SERVIÇOS GEOTÉCNICOS",{"$nulls":5},{"$f":"SUM(G8:G21)","v":10443.800000000003}]
["LEGENDA:"]
["Uni - unidade de medição do insumo;"]
["Qde - Quantidade do Insumo (não pode ocorrer alteração pela Licitante)"]
["PU - Preço Unitário (composições padrão da Codevasf, já incluso o FatorK)"]
["PT - Preço Total (incluído encargos, taxas e impostos) - PT = Qde x PU"]

{"sheet":"PFP1.3_Ger","index":3,"n_rows":21,"n_cols":7,"rows_kept":21,"cut":false,"hidden":false,"merged":[[5,0,5,3],[5,4,5,5],[0,0,1,5],[2,0,2,6],[3,0,3,6],[4,0,4,3],[4,4,4,5],[20,0,20,6],[15,0,15,5],[16,0,16,6],[17,0,17,6],[18,0,18,6],[19,0,19,6]]}
["SERVIÇOS COMPLEMENTARES",{"$nulls":5},"CODIGO:"]
[{"$nulls":6},"PFP-1.3"]
["NOME DA EMPRESA:"]
[]
["PROJETO: ",null,null,null,"CONTRATANTE:",null,{"$f":"PFP!J5","v":"BASE:"}]
[{"$f":"PFP!A6","v":"Contrato para elaboração de ensaios, laudo técnico de avaliação e projeto estrutural de sistema elevado em concreto armado sobre a margem do rio amazonas na cidade de Santana-AP."},null,null,null,"CODEVASF (SEDE)",null,{"$f":"PFP!J6","v":"2023-11-01"}]
["Cod.","Base","Insumos","Uni","Qde","Preço Unitário (PU)","Preço Total (PT)"]
["V3","CODE","Caminhonete 2.8 4x4 Diesel","mês","1",{"$f":"'CPU VEICULO_PickUp'!D49","v":7159.5828104148613},{"$f":"E8*F8","v":7159.5828104148613}]
["B8951","DNIT","Imóvel Comercial","mês","2",2343.9699999999998,{"$f":"E9*F9","v":4687.9399999999996}]
["B8953","DNIT","Mobiliário de Escritório","mês","2",2178.62,{"$f":"E10*F10","v":4357.24}]
["B8959","DNIT","Custos Diversos de Escritório","mês","2",501.12,{"$f":"E11*F11","v":1002.24}]
[]
[]
[]
[]
["TOTAL SERVIÇOS GEOTÉCNICOS",{"$nulls":5},{"$f":"SUM(G8:G15)","v":17207.002810414862}]
["LEGENDA:"]
["Uni - unidade de medição do insumo;"]
["Qde - Quantidade do Insumo (não pode ocorrer alteração pela Licitante)"]
["PU - Preço Unitário (composições padrão da Codevasf, já incluso o FatorK)"]
["PT - Preço Total (incluído encargos, taxas e impostos) - PT = Qde x PU"]

{"sheet":"PFP2.1_FatorKa","index":4,"n_rows":40,"n_cols":6,"rows_kept":40,"cut":false,"hidden":false,"merged":[[34,1,34,3],[6,1,6,3],[39,0,39,5],[38,0,38,5],[37,0,37,5],[36,0,36,5],[21,1,21,3],[28,1,28,3],[29,1,29,3],[27,1,27,3],[24,1,24,3],[25,1,25,3],[26,1,26,3],[32,1,32,3],[30,1,30,3],[31,1,31,3],[33,1,33,3],[0,0,1,4],[2,0,2,5],[5,0,5,1],[5,2,5,4],[4,2,4,4],[3,0,3,5],[23,1,23,3],[7,1,7,3],[16,1,16,3],[8,1,8,3],[13,1,13,3],[14,1,14,3],[15,1,15,3],[17,1,17,3],[18,1,18,3],[19,1,19,3],[20,1,20,3],[22,1,22,3],[9,1,9,3],[10,1,10,3],[11,1,11,3],[12,1,12,3]]}
["DETALHAMENTO DOS ENCARGOS SOCIAIS: Ka",{"$nulls":4},"CODIGO:"]
[{"$nulls":5},"PFP-2.1"]
["NOME DA CONSULTORA:"]
[]
["PROJETO:",null,"CONTRATANTE:",null,null,{"$f":"PFP!J5","v":"BASE:"}]
[{"$f":"PFP!A6","v":"Contrato para elaboração de ensaios, laudo técnico de avaliação e projeto estrutural de sistema elevado em concreto armado sobre a margem do rio amazonas na cidade de Santana-AP."},null,"CODEVASF (SEDE)",null,null,"SINAPI/AP: 12/22"]
["Cod","DESCRIÇÃO",null,null,"%","R$"]
["A","ENCARGOS SOCIAIS BÁSICOS",null,null,{"$f":"ROUND(SUM(E9:E16),4)","v":0.36799999999999999},{"$f":"ROUND(E8*SUMIF(PFP!$B$8:$B$20,\"MO1\",PFP!$J$8:$J$20),2)","v":0}]
["A1","INSS",null,null,0.2,{"$f":"ROUND(E9*SUMIF(PFP!$B$8:$B$20,\"MO1\",PFP!$J$8:$J$20),2)","v":0}]
["A2","SESI",null,null,1.4999999999999999E-2,{"$f":"ROUND(E10*SUMIF(PFP!$B$8:$B$20,\"MO1\",PFP!$J$8:$J$20),2)","v":0}]
["A3","SENAI",null,null,0.01,{"$f":"ROUND(E11*SUMIF(PFP!$B$8:$B$20,\"MO1\",PFP!$J$8:$J$20),2)","v":0}]
["A4","INCRA",null,null,2E-3,{"$f":"ROUND(E12*SUMIF(PFP!$B$8:$B$20,\"MO1\",PFP!$J$8:$J$20),2)","v":0}]
["A5","SEBRAE",null,null,6.0000000000000001E-3,{"$f":"ROUND(E13*SUMIF(PFP!$B$8:$B$20,\"MO1\",PFP!$J$8:$J$20),2)","v":0}]
["A6","Salário Educação",null,null,2.5000000000000001E-2,{"$f":"ROUND(E14*SUMIF(PFP!$B$8:$B$20,\"MO1\",PFP!$J$8:$J$20),2)","v":0}]
["A7","Seguro Contra Acidentes de Trabalho",null,null,0.03,{"$f":"ROUND(E15*SUMIF(PFP!$B$8:$B$20,\"MO1\",PFP!$J$8:$J$20),2)","v":0}]
["A8","FGTS",null,null,0.08,{"$f":"ROUND(E16*SUMIF(PFP!$B$8:$B$20,\"MO1\",PFP!$J$8:$J$20),2)","v":0}]
["B"," ENCARGOS SOCIAIS QUE RECEBEM INCIDÊNCIA DE \"A\"",null,null,{"$f":"ROUND(SUM(E18:E24),4)","v":0.18110000000000001},{"$f":"ROUND(E17*SUMIF(PFP!$B$8:$B$20,\"MO1\",PFP!$J$8:$J$20),2)","v":0}]
["B3","Auxílio Enfermidade",null,null,6.6E-3,{"$f":"ROUND(E18*SUMIF(PFP!$B$8:$B$20,\"MO1\",PFP!$J$8:$J$20),2)","v":0}]
["B4","13º Salário",null,null,8.3299999999999999E-2,{"$f":"ROUND(E19*SUMIF(PFP!$B$8:$B$20,\"MO1\",PFP!$J$8:$J$20),2)","v":0}]
["B5","Licença Paternidade",null,null,5.0000000000000001E-4,{"$f":"ROUND(E20*SUMIF(PFP!$B$8:$B$20,\"MO1\",PFP!$J$8:$J$20),2)","v":0}]
["B6","Faltas Justificadas",null,null,5.5999999999999999E-3,{"$f":"ROUND(E21*SUMIF(PFP!$B$8:$B$20,\"MO1\",PFP!$J$8:$J$20),2)","v":0}]
["B8","Auxílio Acidente de Trabalho",null,null,8.0000000000000004E-4,{"$f":"ROUND(E22*SUMIF(PFP!$B$8:$B$20,\"MO1\",PFP!$J$8:$J$20),2)","v":0}]
["B9","Férias Gozadas",null,null,8.4000000000000005E-2,{"$f":"ROUND(E23*SUMIF(PFP!$B$8:$B$20,\"MO1\",PFP!$J$8:$J$20),2)","v":0}]
["B10","Salário Maternidade",null,null,2.9999999999999997E-4,{"$f":"ROUND(E24*SUMIF(PFP!$B$8:$B$20,\"MO1\",PFP!$J$8:$J$20),2)","v":0}]
["C"," ENCARGOS SOCIAIS QUE NÃO RECEBEM INCIDÊNCIA DE \"A\"",null,null,{"$f":"ROUND(SUM(E26:E30),4)","v":8.3400000000000002E-2},{"$f":"ROUND(E25*SUMIF(PFP!$B$8:$B$20,\"MO1\",PFP!$J$8:$J$20),2)","v":0}]
["C1","Aviso Prévio Indenizado",null,null,3.6200000000000003E-2,{"$f":"ROUND(E26*SUMIF(PFP!$B$8:$B$20,\"MO1\",PFP!$J$8:$J$20),2)","v":0}]
["C2","Aviso Prévio Trabalhado",null,null,8.9999999999999998E-4,{"$f":"ROUND(E27*SUMIF(PFP!$B$8:$B$20,\"MO1\",PFP!$J$8:$J$20),2)","v":0}]
["C3","Férias Indenizadas",null,null,2.24E-2,{"$f":"ROUND(E28*SUMIF(PFP!$B$8:$B$20,\"MO1\",PFP!$J$8:$J$20),2)","v":0}]
["C4","Depósito Rescisão Sem Justa Causa",null,null,2.0899999999999998E-2,{"$f":"ROUND(E29*SUMIF(PFP!$B$8:$B$20,\"MO1\",PFP!$J$8:$J$20),2)","v":0}]
["C5","Indenização Adicional",null,null,3.0000000000000001E-3,{"$f":"ROUND(E30*SUMIF(PFP!$B$8:$B$20,\"MO1\",PFP!$J$8:$J$20),2)","v":0}]
["D"," REINCIDÊNCIAS",null,null,{"$f":"ROUND(SUM(E32:E33),4)","v":6.9800000000000001E-2},{"$f":"ROUND(E31*SUMIF(PFP!$B$8:$B$20,\"MO1\",PFP!$J$8:$J$20),2)","v":0}]
["D1","Reincidência de \"A\" sobre \"B\"",null,null,{"$f":"ROUND(E8*E17,4)","v":6.6600000000000006E-2},{"$f":"ROUND(E32*SUMIF(PFP!$B$8:$B$20,\"MO1\",PFP!$J$8:$J$20),2)","v":0}]
["D2","Reincidência de \"A\" sobre Aviso Prévio Trabalhado e reincidência do FGTS sobre Aviso Prévio Indenizado",null,null,{"$f":"ROUND((E27*E8)+(E26*E16),4)","v":3.2000000000000002E-3},{"$f":"ROUND(E33*SUMIF(PFP!$B$8:$B$20,\"MO1\",PFP!$J$8:$J$20),2)","v":0}]
["K1a","ENCARGOS SOCIAIS",null,null,{"$f":"ROUND(E8+E17+E25+E31,4)*1+0%","v":0.70230000000000004},{"$f":"ROUND(E34*SUMIF(PFP!$B$8:$B$20,\"MO1\",PFP!$J$8:$J$20),2)","v":0}]
["Ka","TAXA DE RESSARCIMENTO DE DESPESAS E ENCARGOS SOBRE MO1",null,null,{"$f":"ROUND((1+E34+PFP3_FatorKd!E13)*(1+PFP3_FatorKd!E12)*(1+PFP3_FatorKd!E8),4)","v":1.9742999999999999}]
["OBSERVAÇÃO: CELETISTAS E EQUIVALENTES"]
["1 - DISCRIMINAR OS ENCARGOS SOCIAIS COM SEUS RESPECTIVOS PERCENTUAS TOTALIZANDO OS MESMOS. "]
["2 - APLICAR O  % TOTAL P/ CALCULAR OS E. SOCIAIS INCIDENTES NA MÃO-DE-OBRA CELETISTAS"]
["Ka - Taxa de Ressarcimento de Despesas e Encargos sobre a Mão de Obra CELETISTA (incide apenas no Insumo Codigo MO1)"]
["Ka = (1 + K1 + K2) x (1 + K3) x (1 + K4)"]

{"sheet":"PFP2.2_FatorKb","index":5,"n_rows":40,"n_cols":6,"rows_kept":40,"cut":false,"hidden":false,"merged":[[27,1,27,3],[28,1,28,3],[29,1,29,3],[22,1,22,3],[23,1,23,3],[24,1,24,3],[25,1,25,3],[26,1,26,3],[6,1,6,3],[12,1,12,3],[13,1,13,3],[39,0,39,5],[36,0,36,5],[37,0,37,5],[38,0,38,5],[31,1,31,3],[32,1,32,3],[33,1,33,3],[34,1,34,3],[18,1,18,3],[30,1,30,3],[19,1,19,3],[20,1,20,3],[21,1,21,3],[0,0,1,4],[2,0,2,5],[3,0,3,5],[4,2,4,4],[5,0,5,1],[5,2,5,4],[7,1,7,3],[16,1,16,3],[17,1,17,3],[8,1,8,3],[9,1,9,3],[10,1,10,3],[14,1,14,3],[15,1,15,3],[11,1,11,3]]}
["DETALHAMENTO DOS ENCARGOS SOCIAIS: Kb",{"$nulls":4},"CODIGO:"]
[{"$nulls":5},"PFP-2.2"]
["NOME DA CONSULTORA:"]
[]
["PROJETO:",null,"CONTRATANTE:",null,null,{"$f":"'PFP2.1_FatorKa'!F5","v":"BASE:"}]
[{"$f":"PFP!A6","v":"Contrato para elaboração de ensaios, laudo técnico de avaliação e projeto estrutural de sistema elevado em concreto armado sobre a margem do rio amazonas na cidade de Santana-AP."},null,"CODEVASF (SEDE)",null,null,{"$f":"'PFP2.1_FatorKa'!F6","v":"SINAPI/AP: 12/22"}]
["Cod","DESCRIÇÃO",null,null,"%","R$"]
["A","ENCARGOS SOCIAIS BÁSICOS",null,null,{"$f":"ROUND(SUM(E9:E16),4)","v":0.2},{"$f":"ROUND(E8*SUMIF(PFP!$B$8:$B$20,\"MO2\",PFP!$J$8:$J$20),2)","v":0}]
["A1","INSS",null,null,0.2,{"$f":"ROUND(E9*SUMIF(PFP!$B$8:$B$20,\"MO2\",PFP!$J$8:$J$20),2)","v":0}]
["A2","SESI",null,null,0,{"$f":"ROUND(E10*SUMIF(PFP!$B$8:$B$20,\"MO2\",PFP!$J$8:$J$20),2)","v":0}]
["A3","SENAI",null,null,0,{"$f":"ROUND(E11*SUMIF(PFP!$B$8:$B$20,\"MO2\",PFP!$J$8:$J$20),2)","v":0}]
["A4","INCRA",null,null,0,{"$f":"ROUND(E12*SUMIF(PFP!$B$8:$B$20,\"MO2\",PFP!$J$8:$J$20),2)","v":0}]
["A5","SEBRAE",null,null,0,{"$f":"ROUND(E13*SUMIF(PFP!$B$8:$B$20,\"MO2\",PFP!$J$8:$J$20),2)","v":0}]
["A6","Salário Educação",null,null,0,{"$f":"ROUND(E14*SUMIF(PFP!$B$8:$B$20,\"MO2\",PFP!$J$8:$J$20),2)","v":0}]
["A7","Seguro Contra Acidentes de Trabalho",null,null,0,{"$f":"ROUND(E15*SUMIF(PFP!$B$8:$B$20,\"MO2\",PFP!$J$8:$J$20),2)","v":0}]
["A8","FGTS",null,null,0,{"$f":"ROUND(E16*SUMIF(PFP!$B$8:$B$20,\"MO2\",PFP!$J$8:$J$20),2)","v":0}]
["B"," ENCARGOS SOCIAIS QUE RECEBEM INCIDÊNCIA DE \"A\"",null,null,{"$f":"ROUND(SUM(E18:E24),4)","v":0},{"$f":"ROUND(E17*SUMIF(PFP!$B$8:$B$20,\"MO2\",PFP!$J$8:$J$20),2)","v":0}]
["B3","Auxílio Enfermidade",null,null,0,{"$f":"ROUND(E18*SUMIF(PFP!$B$8:$B$20,\"MO2\",PFP!$J$8:$J$20),2)","v":0}]
["B4","13º Salário",null,null,0,{"$f":"ROUND(E19*SUMIF(PFP!$B$8:$B$20,\"MO2\",PFP!$J$8:$J$20),2)","v":0}]
["B5","Licença Paternidade",null,null,0,{"$f":"ROUND(E20*SUMIF(PFP!$B$8:$B$20,\"MO2\",PFP!$J$8:$J$20),2)","v":0}]
["B6","Faltas Justificadas",null,null,0,{"$f":"ROUND(E21*SUMIF(PFP!$B$8:$B$20,\"MO2\",PFP!$J$8:$J$20),2)","v":0}]
["B8","Auxílio Acidente de Trabalho",null,null,0,{"$f":"ROUND(E22*SUMIF(PFP!$B$8:$B$20,\"MO2\",PFP!$J$8:$J$20),2)","v":0}]
["B9","Férias Gozadas",null,null,0,{"$f":"ROUND(E23*SUMIF(PFP!$B$8:$B$20,\"MO2\",PFP!$J$8:$J$20),2)","v":0}]
["B10","Salário Maternidade",null,null,0,{"$f":"ROUND(E24*SUMIF(PFP!$B$8:$B$20,\"MO2\",PFP!$J$8:$J$20),2)","v":0}]
["C"," ENCARGOS SOCIAIS QUE NÃO RECEBEM INCIDÊNCIA DE \"A\"",null,null,{"$f":"ROUND(SUM(E26:E30),4)","v":0},{"$f":"ROUND(E25*SUMIF(PFP!$B$8:$B$20,\"MO2\",PFP!$J$8:$J$20),2)","v":0}]
["C1","Aviso Prévio Indenizado",null,null,0,{"$f":"ROUND(E26*SUMIF(PFP!$B$8:$B$20,\"MO2\",PFP!$J$8:$J$20),2)","v":0}]
["C2","Aviso Prévio Trabalhado",null,null,0,{"$f":"ROUND(E27*SUMIF(PFP!$B$8:$B$20,\"MO2\",PFP!$J$8:$J$20),2)","v":0}]
["C3","Férias Indenizadas",null,null,0,{"$f":"ROUND(E28*SUMIF(PFP!$B$8:$B$20,\"MO2\",PFP!$J$8:$J$20),2)","v":0}]
["C4","Depósito Rescisão Sem Justa Causa",null,null,0,{"$f":"ROUND(E29*SUMIF(PFP!$B$8:$B$20,\"MO2\",PFP!$J$8:$J$20),2)","v":0}]
["C5","Indenização Adicional",null,null,0,{"$f":"ROUND(E30*SUMIF(PFP!$B$8:$B$20,\"MO2\",PFP!$J$8:$J$20),2)","v":0}]
["D"," REINCIDÊNCIAS",null,null,{"$f":"ROUND(SUM(E32:E33),4)","v":0},{"$f":"ROUND(E31*SUMIF(PFP!$B$8:$B$20,\"MO2\",PFP!$J$8:$J$20),2)","v":0}]
["D1","Reincidência de \"A\" sobre \"B\"",null,null,{"$f":"ROUND(E8*E17,4)","v":0},{"$f":"ROUND(E32*SUMIF(PFP!$B$8:$B$20,\"MO2\",PFP!$J$8:$J$20),2)","v":0}]
["D2","Reincidência de \"A\" sobre Aviso Prévio Trabalhado e reincidência do FGTS sobre Aviso Prévio Indenizado",null,null,{"$f":"ROUND((E27*E8)+(E26*E16),4)","v":0},{"$f":"ROUND(E33*SUMIF(PFP!$B$8:$B$20,\"MO2\",PFP!$J$8:$J$20),2)","v":0}]
["K1b","ENCARGOS SOCIAIS",null,null,{"$f":"ROUND(E8+E17+E25+E31,4)","v":0.2},{"$f":"ROUND(E34*SUMIF(PFP!$B$8:$B$20,\"MO2\",PFP!$J$8:$J$20),2)","v":0}]
["Kb","TAXA DE RESSARCIMENTO DE DESPESAS E ENCARGOS SOBRE MO2",null,null,{"$f":"ROUND((1+E34+PFP3_FatorKd!E13)*(1+PFP3_FatorKd!E12)*(1+PFP3_FatorKd!E8),4)","v":1.4051}]
["OBSERVAÇÃO: AUTÔNOMOS E EQUIVALENTES"]
["1 - DISCRIMINAR OS ENCARGOS SOCIAIS COM SEUS RESPECTIVOS PERCENTUAS TOTALIZANDO OS MESMOS. "]
["2 - APLICAR O % TOTAL P/ CALCULAR OS E. SOCIAIS INCIDENTES NA MÃO-DE-OBRA AUTONÔMOS"]
["Kb - Taxa de Ressarcimento de Despesas e Encargos sobre a Mão de Obra AUTONÔMA (incide apenas no Insumo Codigo MO2)"]
["Kb = (1 + K1 + K2) x (1 + K3) x (1 + K4)"]

{"sheet":"PFP2.3_FatorKc","index":6,"n_rows":40,"n_cols":6,"rows_kept":40,"cut":false,"hidden":false,"merged":[[0,0,1,4],[2,0,2,5],[3,0,3,5],[4,2,4,4],[5,0,5,1],[5,2,5,4],[16,1,16,3],[6,1,6,3],[7,1,7,3],[8,1,8,3],[9,1,9,3],[10,1,10,3],[11,1,11,3],[12,1,12,3],[13,1,13,3],[14,1,14,3],[15,1,15,3],[28,1,28,3],[17,1,17,3],[18,1,18,3],[19,1,19,3],[20,1,20,3],[21,1,21,3],[22,1,22,3],[23,1,23,3],[24,1,24,3],[25,1,25,3],[26,1,26,3],[27,1,27,3],[36,0,36,5],[37,0,37,5],[38,0,38,5],[39,0,39,5],[29,1,29,3],[30,1,30,3],[31,1,31,3],[32,1,32,3],[33,1,33,3],[34,1,34,3]]}
["DETALHAMENTO DOS ENCARGOS SOCIAIS: Kc",{"$nulls":4},"CODIGO:"]
[{"$nulls":5},"PFP-2.3"]
["NOME DA CONSULTORA:"]
[]
["PROJETO:",null,"CONTRATANTE:",null,null,{"$f":"'PFP2.2_FatorKb'!F5","v":"BASE:"}]
[{"$f":"PFP!A6","v":"Contrato para elaboração de ensaios, laudo técnico de avaliação e projeto estrutural de sistema elevado em concreto armado sobre a margem do rio amazonas na cidade de Santana-AP."},null,"CODEVASF (SEDE)",null,null,{"$f":"'PFP2.2_FatorKb'!F6","v":"SINAPI/AP: 12/22"}]
["Cod","DESCRIÇÃO",null,null,"%","R$"]
["A","ENCARGOS SOCIAIS BÁSICOS",null,null,{"$f":"SUM(E9:E16)","v":0},{"$f":"ROUND(E8*SUMIF(PFP!$B$8:$B$20,\"MO3\",PFP!$J$8:$J$20),2)","v":0}]
["A1","INSS",null,null,0,{"$f":"ROUND(E9*SUMIF(PFP!$B$8:$B$20,\"MO3\",PFP!$J$8:$J$20),2)","v":0}]
["A2","SESI",null,null,0,{"$f":"ROUND(E10*SUMIF(PFP!$B$8:$B$20,\"MO3\",PFP!$J$8:$J$20),2)","v":0}]
["A3","SENAI",null,null,0,{"$f":"ROUND(E11*SUMIF(PFP!$B$8:$B$20,\"MO3\",PFP!$J$8:$J$20),2)","v":0}]
["A4","INCRA",null,null,0,{"$f":"ROUND(E12*SUMIF(PFP!$B$8:$B$20,\"MO3\",PFP!$J$8:$J$20),2)","v":0}]
["A5","SEBRAE",null,null,0,{"$f":"ROUND(E13*SUMIF(PFP!$B$8:$B$20,\"MO3\",PFP!$J$8:$J$20),2)","v":0}]
["A6","Salário Educação",null,null,0,{"$f":"ROUND(E14*SUMIF(PFP!$B$8:$B$20,\"MO3\",PFP!$J$8:$J$20),2)","v":0}]
["A7","Seguro Contra Acidentes de Trabalho",null,null,0,{"$f":"ROUND(E15*SUMIF(PFP!$B$8:$B$20,\"MO3\",PFP!$J$8:$J$20),2)","v":0}]
["A8","FGTS",null,null,0,{"$f":"ROUND(E16*SUMIF(PFP!$B$8:$B$20,\"MO3\",PFP!$J$8:$J$20),2)","v":0}]
["B"," ENCARGOS SOCIAIS QUE RECEBEM INCIDÊNCIA DE \"A\"",null,null,{"$f":"ROUND(SUM(E18:E24),4)","v":0},{"$f":"ROUND(E17*SUMIF(PFP!$B$8:$B$20,\"MO3\",PFP!$J$8:$J$20),2)","v":0}]
["B3","Auxílio Enfermidade",null,null,0,{"$f":"ROUND(E18*SUMIF(PFP!$B$8:$B$20,\"MO3\",PFP!$J$8:$J$20),2)","v":0}]
["B4","13º Salário",null,null,0,{"$f":"ROUND(E19*SUMIF(PFP!$B$8:$B$20,\"MO3\",PFP!$J$8:$J$20),2)","v":0}]
["B5","Licença Paternidade",null,null,0,{"$f":"ROUND(E20*SUMIF(PFP!$B$8:$B$20,\"MO3\",PFP!$J$8:$J$20),2)","v":0}]
["B6","Faltas Justificadas",null,null,0,{"$f":"ROUND(E21*SUMIF(PFP!$B$8:$B$20,\"MO3\",PFP!$J$8:$J$20),2)","v":0}]
["B8","Auxílio Acidente de Trabalho",null,null,0,{"$f":"ROUND(E22*SUMIF(PFP!$B$8:$B$20,\"MO3\",PFP!$J$8:$J$20),2)","v":0}]
["B9","Férias Gozadas",null,null,0,{"$f":"ROUND(E23*SUMIF(PFP!$B$8:$B$20,\"MO3\",PFP!$J$8:$J$20),2)","v":0}]
["B10","Salário Maternidade",null,null,0,{"$f":"ROUND(E24*SUMIF(PFP!$B$8:$B$20,\"MO3\",PFP!$J$8:$J$20),2)","v":0}]
["C"," ENCARGOS SOCIAIS QUE NÃO RECEBEM INCIDÊNCIA DE \"A\"",null,null,{"$f":"ROUND(SUM(E26:E30),4)","v":0},{"$f":"ROUND(E25*SUMIF(PFP!$B$8:$B$20,\"MO3\",PFP!$J$8:$J$20),2)","v":0}]
["C1","Aviso Prévio Indenizado",null,null,0,{"$f":"ROUND(E26*SUMIF(PFP!$B$8:$B$20,\"MO3\",PFP!$J$8:$J$20),2)","v":0}]
["C2","Aviso Prévio Trabalhado",null,null,0,{"$f":"ROUND(E27*SUMIF(PFP!$B$8:$B$20,\"MO3\",PFP!$J$8:$J$20),2)","v":0}]
["C3","Férias Indenizadas",null,null,0,{"$f":"ROUND(E28*SUMIF(PFP!$B$8:$B$20,\"MO3\",PFP!$J$8:$J$20),2)","v":0}]
["C4","Depósito Rescisão Sem Justa Causa",null,null,0,{"$f":"ROUND(E29*SUMIF(PFP!$B$8:$B$20,\"MO3\",PFP!$J$8:$J$20),2)","v":0}]
["C5","Indenização Adicional",null,null,0,{"$f":"ROUND(E30*SUMIF(PFP!$B$8:$B$20,\"MO3\",PFP!$J$8:$J$20),2)","v":0}]
["D"," REINCIDÊNCIAS",null,null,{"$f":"ROUND(SUM(E32:E33),4)","v":0},{"$f":"ROUND(E31*SUMIF(PFP!$B$8:$B$20,\"MO3\",PFP!$J$8:$J$20),2)","v":0}]
["D1","Reincidência de \"A\" sobre \"B\"",null,null,{"$f":"ROUND(E8*E17,4)","v":0},{"$f":"ROUND(E32*SUMIF(PFP!$B$8:$B$20,\"MO3\",PFP!$J$8:$J$20),2)","v":0}]
["D2","Reincidência de \"A\" sobre Aviso Prévio Trabalhado e reincidência do FGTS sobre Aviso Prévio Indenizado",null,null,{"$f":"ROUND(E8*E27,4)+ROUND(E26*E11,4)","v":0},{"$f":"ROUND(E33*SUMIF(PFP!$B$8:$B$20,\"MO3\",PFP!$J$8:$J$20),2)","v":0}]
["K1c","ENCARGOS SOCIAIS",null,null,0.2,{"$f":"ROUND(E34*SUMIF(PFP!$B$8:$B$20,\"MO3\",PFP!$J$8:$J$20),2)","v":0}]
["Kc","TAXA DE RESSARCIMENTO DE DESPESAS E ENCARGOS SOBRE MO3",null,null,{"$f":"ROUND((1+E34+PFP3_FatorKd!E13)*(1+PFP3_FatorKd!E12)*(1+PFP3_FatorKd!E8),4)","v":1.4051}]
["OBSERVAÇÃO: SOCIETÁRIOS E EQUIVALENTES"]
["1 - DISCRIMINAR OS ENCARGOS SOCIAIS COM SEUS RESPECTIVOS PERCENTUAS TOTALIZANDO OS MESMOS. "]
["2 - APLICAR O % TOTAL P/ CALCULAR OS E. SOCIAIS INCIDENTES NA MÃO-DE-OBRA DE SOCIETÁRIOS"]
["Kc - Taxa de Ressarcimento de Despesas e Encargos sobre a Mão de Obra SOCIETÁRIA (incide apenas no Insumo Codigo MO3)"]
["Kc = (1 + K1 + K2) x (1 + K3) x (1 + K4)"]

{"sheet":"PFP3_FatorKd","index":7,"n_rows":35,"n_cols":6,"rows_kept":35,"cut":false,"hidden":false,"merged":[[32,0,32,5],[12,1,12,3],[11,1,11,3],[8,1,8,2],[9,1,9,2],[10,1,10,2],[7,1,7,2],[25,0,25,5],[6,1,6,2],[0,0,1,4],[2,0,2,5],[5,0,5,1],[5,2,5,4],[4,2,4,4],[3,0,3,5],[33,0,33,5],[34,0,34,5],[16,1,16,3],[13,1,13,3],[14,1,14,3],[15,1,15,3],[21,0,21,5],[26,0,26,5],[27,0,27,5],[22,0,22,5],[23,0,23,5],[24,0,24,5],[28,0,28,5],[29,0,29,5],[30,0,30,5],[31,0,31,5]]}
["DESPESAS FISCAIS E CUSTOS DIVERSOS: Kc",{"$nulls":4},"CODIGO:"]
[{"$nulls":5},"PFP-3"]
["NOME DA CONSULTORA:"]
[]
["PROJETO:",null,"CONTRATANTE:",null,null,{"$f":"'PFP2.3_FatorKc'!F5","v":"BASE:"}]
[{"$f":"PFP!A6","v":"Contrato para elaboração de ensaios, laudo técnico de avaliação e projeto estrutural de sistema elevado em concreto armado sobre a margem do rio amazonas na cidade de Santana-AP."},null,"CODEVASF (SEDE)",null,null,{"$f":"'PFP2.3_FatorKc'!F6","v":"SINAPI/AP: 12/22"}]
["Cod","DESCRIÇÃO1",null,"% preço2","% custo4","R$"]
["K4","TRIBUTOS",null,{"$f":"ROUND(D9+D10+D11,4)","v":6.6500000000000004E-2},{"$f":"ROUND(E9+E10+E11,4)","v":6.9000000000000006E-2},{"$f":"E8*SUM(SUMIF(PFP!$B$8:$B$20,\"MO1\",PFP!$J$8:$J$20)*(1+'PFP2.1_FatorKa'!$E$34)+SUMIF(PFP!$B$8:$B$20,\"MO2\",PFP!$J$8:$J$20)*(1+'PFP2.2_FatorKb'!$E$34)+SUMIF(PFP!$B$8:$B$20,\"<>MO*\",PFP!$J$8:$J$20)+$F$13+$F$12)","v":8731.4151672000025}]
["K4.1","ISS",null,0.03,{"$f":"ROUND(1/(1-D8)*D9,4)","v":3.2099999999999997E-2},{"$f":"E9*SUM(SUMIF(PFP!$B$8:$B$20,\"MO1\",PFP!$J$8:$J$20)*(1+'PFP2.1_FatorKa'!$E$34)+SUMIF(PFP!$B$8:$B$20,\"MO2\",PFP!$J$8:$J$20)*(1+'PFP2.2_FatorKb'!$E$34)+SUMIF(PFP!$B$8:$B$20,\"<>MO*\",PFP!$J$8:$J$20)+$F$13+$F$12)","v":4062.00618648}]
["K4.2","PIS3 - aliquota efetiva aplicavel percentual-desconto",null,6.4999999999999997E-3,{"$f":"ROUND(1/(1-D9)*D10,4)","v":6.7000000000000002E-3},{"$f":"E10*SUM(SUMIF(PFP!$B$8:$B$20,\"MO1\",PFP!$J$8:$J$20)*(1+'PFP2.1_FatorKa'!$E$34)+SUMIF(PFP!$B$8:$B$20,\"MO2\",PFP!$J$8:$J$20)*(1+'PFP2.2_FatorKb'!$E$34)+SUMIF(PFP!$B$8:$B$20,\"<>MO*\",PFP!$J$8:$J$20)+$F$13+$F$12)","v":847.83306696000011}]
["K4.3","COFINS3 - aliquota efetiva aplicavel percentual-desconto",null,0.03,3.0200000000000001E-2,{"$f":"E11*SUM(SUMIF(PFP!$B$8:$B$20,\"MO1\",PFP!$J$8:$J$20)*(1+'PFP2.1_FatorKa'!$E$34)+SUMIF(PFP!$B$8:$B$20,\"MO2\",PFP!$J$8:$J$20)*(1+'PFP2.2_FatorKb'!$E$34)+SUMIF(PFP!$B$8:$B$20,\"<>MO*\",PFP!$J$8:$J$20)+$F$13+$F$12)","v":3821.5759137600007}]
["K3","REMUNERAÇÃO DA EMPRESA (LUCRO)",null,null,0.06,{"$f":"E12*SUM(SUMIF(PFP!$B$8:$B$20,\"MO1\",PFP!$J$8:$J$20)*(1+'PFP2.1_FatorKa'!$E$34)+SUMIF(PFP!$B$8:$B$20,\"MO2\",PFP!$J$8:$J$20)*(1+'PFP2.2_FatorKb'!$E$34)+SUMIF(PFP!$B$8:$B$20,\"<>MO*\",PFP!$J$8:$J$20)+$F$13)","v":7162.7688000000007}]
["K2","CUSTOS DA ADMINISTRAÇÃO CENTRAL",null,null,{"$f":"SUM(E14:E16)","v":0.04},{"$f":"ROUND(E13*SUMIF(PFP!$B$8:$B$20,\"MO*\",PFP!$J$8:$J$20),2)","v":0}]
["K2.1","Custos da administração central da empresa (diretoria, pessoal técnico de apoio e pessoal administrativo não diretamente vinculado à prestação dos serviços)",null,null,0.02,{"$f":"ROUND(E14*SUMIF(PFP!$B$8:$B$20,\"MO*\",PFP!$J$8:$J$20),2)","v":0}]
["K2.2","Outras despesas que afetam o custo de produção como treinamento, biblioteca, programa de qualidade, programa de benefícios, auditoria interna e externa",null,null,0.01,{"$f":"ROUND(E15*SUMIF(PFP!$B$8:$B$20,\"MO*\",PFP!$J$8:$J$20),2)","v":0}]
["K2.3","Despesas fixas e variaveis com patrimônio, aluguéis, comunicação, manutenção e transporte não diretamente relacionados com o custo direto dos serviços",null,null,0.01,{"$f":"ROUND(E16*SUMIF(PFP!$B$8:$B$20,\"MO*\",PFP!$J$8:$J$20),2)","v":0}]
["Kd","TAXA RESSARCIMENTO DE DESPESAS SOBRE CUSTOS DIVERSOS",null,null,{"$f":"ROUND((1+E12)*(1+E8),4)","v":1.1331}]
["NOME DO INFORMANTE:",null,null,null,"QUALIFICAÇÃO:"]
[]
["ASSINATURA:",null,null,null,"DATA:"]
[]
["Observação:"]
["1 - RELACIONAR OS CUSTOS DE ADMINISTRAÇÃO COM RESPECTIVOS PERCENTUAIS INCIDENTES NA MÃO -DE-OBRA"]
["1 - DISCRIMINAR OS TRIBUTOS QUE INCIDEM SOBRE OS CUSTOS DA PRESTAÇÃO DOS SERVIÇOS"]
["2 - K4 = INDICAR % DE CADA TRIBUTO E A SOMA DOS MESMOS (ex: ISS 5% + PIS 1,65% + COFINS 7,60% = 14,25%)"]
["3 - PIS e COFINS, Regime de Incidencia Acumulativa (0,65% e 3,00% - sem percentual de desconto) ou em Regime de Incidencia Não Acumulativa (1,65% e 7,60% - aplicável percentual de desconto) de acordo com a forma de apuração do lucro no IRPJ. APRESENTAR COMPROVANTES de aproveitamento de créditos tributários dos últimos 12 meses em caso de aplicação de \"percentual de desconto\"."]
["4 - AS DESPESAS FISCAIS (K4) INCIDEM SOBRE O TOTAL DA FATURA E NÃO SOBRE OS CUSTOS INCORRIDOS, "]
["     DEVENDO SER CALCULADO O K4' APLICANDO-SE A SEGUINTE FÓRMULA:"]
["     K4' = { [ 1 / ( 1 - K4) ] - 1 } x 100"]
[{"$f":"CONCATENATE(\"     K4' = { [ 1 / ( 1 - \",D8,\" ) ] - 1 } x 100\")","v":"     K4' = { [ 1 / ( 1 - 0,0665 ) ] - 1 } x 100"}]
["Kc - Taxa de Ressarcimento de Despesas sobre Custos Diversos (incide sobre os Insumos Codigo DP e EM)"]
["Kc = (1 + K3) x (1 + K4)"]
["K2 - Incide sobre o Custo Total (CT) da Mão de Obra (MO* = MO1 + MO2)"]
["K3 - Incide sobre o Custo Total (CT) Mão de Obra com encargos (MO1 x Ka ou MO2 x Kb), demais Custos (DP e EM), e Custos da Administração Central (K2)"]
["K4 -  Incide sobre o Custo Total (CT) Mão de Obra com encargos (MO1 x Ka ou MO2 x Kb), demais Custos (DP e EM), e Custos da Administração Central (K2) e Lucro (K3)"]

{"sheet":"CRO1_Ins-Pro","index":8,"n_rows":85,"n_cols":11,"rows_kept":85,"cut":false,"hidden":false,"merged":[[83,0,83,7],[82,0,82,10],[0,0,1,7],[34,7,34,10],[17,0,18,0],[17,1,18,1],[2,0,3,0],[2,1,3,1],[2,2,3,2],[2,3,3,3],[2,4,3,4],[2,5,3,5]]}
["INSUMOS POR ETAPA/PRODUTO",{"$nulls":9},"CÓDIGO:"]
[{"$nulls":10},"CRO-1"]
["Cod.","Categoria / Insumo","Uni","Qde","CUD","PU","FatorK","E1. EB","E2. EVTEA ","E3. PB","E4. PE"]
[{"$nulls":6},"Meses",{"$f":"'CRO2_Ins-Mes'!$E$4","v":"Qde"},{"$f":"'CRO2_Ins-Mes'!$E$4","v":"Qde"},{"$f":"'CRO2_Ins-Mes'!$E$4","v":"Qde"},{"$f":"'CRO2_Ins-Mes'!$E$4","v":"Qde"}]
[{"$f":"PFP!B8","v":"P8061"},{"$f":"PFP!D8","v":"Engenheiro coordenador (P8061)"},"mês",{"$f":"SUM(H5:K5)","v":0.95},{"$f":"PFP!G8","v":17018.13},{"$f":"PFP!H8","v":23912.17},{"$f":"PFP!I8","v":1.4051},0.25,0.25,0.25,0.2]
[{"$f":"PFP!B9","v":"P8067"},{"$f":"PFP!D9","v":"Engenheiro senior (P8066)"},"mês",{"$f":"SUM(H6:K6)","v":3},{"$f":"PFP!G9","v":14672.91},{"$f":"PFP!H9","v":20616.91},{"$f":"PFP!I9","v":1.4051},1,1,{"$f":"'CRO2_Ins-Mes'!E24","v":0},1]
[{"$f":"PFP!B10","v":"P8066"},{"$f":"PFP!D10","v":"Engenheiro pleno (P8066)"},"mês",3.25,{"$f":"PFP!G10","v":11469.24},{"$f":"PFP!H10","v":16115.43},{"$f":"PFP!I10","v":1.4051},0.5,0.75,2,{"$f":"'CRO2_Ins-Mes'!E33","v":0}]
[{"$f":"PFP!B11","v":40807},{"$f":"PFP!D11","v":"Desenhista (40807)"},"mês",2.1,{"$f":"PFP!G11","v":2660.12},{"$f":"PFP!H11","v":3737.73},{"$f":"PFP!I11","v":1.4051},0.5,1,0.6,{"$f":"'CRO2_Ins-Mes'!E34","v":0}]
[{"$f":"PFP!B12","v":"P8147"},"Arquiteto Pleno","mês",0.25,{"$f":"PFP!G12","v":3091.07},{"$f":"PFP!H12","v":4343.26},{"$f":"PFP!I12","v":1.4051},{"$f":"'CRO2_Ins-Mes'!E9","v":0},{"$f":"'CRO2_Ins-Mes'!E19","v":0},0.125,0.125]
["-",{"$f":"PFP!D13","v":"Encargos Comp. e Adicionais"},"mês",9.5499999999999989,{"$f":"PFP!G13","v":1039.0036125654444},{"$f":"PFP!H13","v":1177.29},{"$f":"PFP!I13","v":1.1331},{"$f":"SUM(H5:H9)","v":2.25},{"$f":"SUM(I5:I9)","v":3},{"$f":"SUM(J5:J9)","v":2.9750000000000001},{"$f":"SUM(K5:K9)","v":1.325}]
["-",{"$f":"PFP!D14","v":"Topógrafo (7592)"},"mês",30,{"$f":"PFP!G14","v":21.06},{"$f":"PFP!H14","v":23.86},{"$f":"PFP!I14","v":1.1331},30,0,0,0]
["-",{"$f":"PFP!D15","v":"Auxiliar de Topógrafo (0244)"},"mês",60,{"$f":"PFP!G15","v":9.48},{"$f":"PFP!H15","v":10.74},{"$f":"PFP!I15","v":1.1331},60,0,0,0]
["-",{"$f":"PFP!D16","v":"Relatório Parcial"},"un",0,{"$f":"PFP!G16","v":33.35},{"$f":"PFP!H16","v":37.79},{"$f":"PFP!I16","v":1.1331},{"$f":"'CRO2_Ins-Mes'!E10","v":0},{"$f":"'CRO2_Ins-Mes'!E20","v":0},{"$f":"'CRO2_Ins-Mes'!E28","v":0},{"$f":"'CRO2_Ins-Mes'!E36","v":0}]
["-",{"$f":"PFP!D17","v":"Relatório Final"},"un",3,{"$f":"PFP!G17","v":1478.8},{"$f":"PFP!H17","v":1675.63},{"$f":"PFP!I17","v":1.1331},{"$f":"'CRO2_Ins-Mes'!E11","v":1},{"$f":"'CRO2_Ins-Mes'!E21","v":1},{"$f":"'CRO2_Ins-Mes'!E29","v":1},0]
["-",{"$f":"PFP!D18","v":"Total Ensaios no Concreto Armado"},"un",1,{"$f":"PFP!G18","v":"-"},{"$f":"PFP!H18","v":23005.599999999999},{"$f":"PFP!I18","v":"-"},1]
["-",{"$f":"PFP!D19","v":"Total Serviços Geotécnicos"},"un",1,{"$f":"PFP!G19","v":"-"},{"$f":"PFP!H19","v":18220.3},{"$f":"PFP!I19","v":"-"},1]
["-",{"$f":"PFP!D20","v":"Total Recursos Gerais"},"un",1,{"$f":"PFP!G20","v":"-"},{"$f":"PFP!H20","v":5266.4},{"$f":"PFP!I20","v":"-"},0.22,0.22,0.44,0.12]
["TOTAL","VALOR TOTAL POR PRODUTO","R$",{"$f":"SUM(H18:K18)","v":209999.99649999998},null,null,null,{"$f":"H5*$F$5+H6*$F$6+H7*$F$7+H8*$F$8+H9*$F$9+H10*$F$10+H11*$F$11+H12*$F$12+H13*$F$13+H14*$F$14+H15*$F$15+H16*$F$16+H17*$F$17","v":84590.772999999986},{"$f":"I5*$F$5+I6*$F$6+I7*$F$7+I8*$F$8+I9*$F$9+I10*$F$10+I11*$F$11+I12*$F$12+I13*$F$13+I14*$F$14+I15*$F$15+I16*$F$16+I17*$F$17","v":48785.363000000005},{"$f":"J5*$F$5+J6*$F$6+J7*$F$7+J8*$F$8+J9*$F$9+J10*$F$10+J11*$F$11+J12*$F$12+J13*$F$13+J14*$F$14+J15*$F$15+J16*$F$16+J17*$F$17","v":48489.731749999992},{"$f":"K5*$F$5+K6*$F$6+K7*$F$7+K8*$F$8+K9*$F$9+K10*$F$10+K11*$F$11+K12*$F$12+K13*$F$13+K14*$F$14+K15*$F$15+K16*$F$16+K17*$F$17","v":28134.128750000003}]
[null,null,"%",{"$f":"SUM(H19:K19)","v":0.99999000000000005},null,null,null,{"$f":"ROUND(H18/$D$18,5)","v":0.40281},0.23230999999999999,0.23089999999999999,0.13397000000000001]
{"$rows_empty":62}
["OBSERVAÇÃO:"]
["P - Profissionais nível superior nas áreas de Engenharia, Química, Arquitetura, Agronomia e Veterinária, conforme disposições da Lei 4.950-A/66"]
["T - Profissionais de nível médio técnico nas diversas áreas de atuação"]
["A - Profissionais de nível médio de apoio técnico-administrativo"]

{"sheet":"CRO2_Ins-Mes","index":9,"n_rows":39,"n_cols":13,"rows_kept":39,"cut":false,"hidden":false,"merged":[[62,5,62,12],[0,0,1,12]]}
["CRONOGRAMA SIMPLIFICADO"]
[]
["Cod1","Cod2","Produtos","Uni","Qde",1,2,3,4,5,6,7,8]
["Cod1","Cod2","Insumos","Uni","Qde",1,2,3,4,5,6,7,8]
[2,"2.1",{"$f":"PFP!D8","v":"Engenheiro coordenador (P8061)"},{"$f":"PFP!E8","v":"mês"},{"$f":"SUM(F5:M5)","v":0.3},0.15,0.15]
[2,"2.2",{"$f":"PFP!D9","v":"Engenheiro senior (P8066)"},{"$f":"PFP!E9","v":"mês"},{"$f":"SUM(F6:M6)","v":1.5},0.75,0.75]
[2,"2.3",{"$f":"PFP!D10","v":"Engenheiro pleno (P8066)"},{"$f":"PFP!E10","v":"mês"},0.45,0.25,0.2]
[2,"2.4",{"$f":"PFP!D11","v":"Desenhista (40807)"},{"$f":"PFP!E11","v":"mês"},0.2,0.2]
[2,"2.5",{"$f":"PFP!D12","v":"Técnico de projetos/obra (P8147)"},"mês",0]
[2,"2.6",{"$f":"PFP!D16","v":"Relatório Parcial"},{"$f":"PFP!E16","v":"un"},0]
[2,"2.7",{"$f":"PFP!D17","v":"Relatório Final"},{"$f":"PFP!E17","v":"un"},1,null,1]
[2,"2.8",{"$f":"PFP!D18","v":"Total Ensaios no Concreto Armado"},{"$f":"PFP!E18","v":"un"},1,1]
[2,"2.9",{"$f":"PFP!D20","v":"Total Recursos Gerais"},{"$f":"PFP!E20","v":"un"},1,1]
[2,2,"Estudos Básicos (EB)",null,5.4499999999999993,{"$f":"SUM(F5:F13)","v":3.3499999999999996},2.1,0,0,0,0,0,0]
[3,"3.1",{"$f":"PFP!D8","v":"Engenheiro coordenador (P8061)"},{"$f":"PFP!E8","v":"mês"},{"$f":"SUM(F15:M15)","v":0.3},0.15,0.15]
[3,"3.2",{"$f":"PFP!D9","v":"Engenheiro senior (P8066)"},{"$f":"PFP!E9","v":"mês"},{"$f":"SUM(F16:M16)","v":1.5},0.75,0.75]
[3,"3.3",{"$f":"PFP!D10","v":"Engenheiro pleno (P8066)"},{"$f":"PFP!E10","v":"mês"},0.5,0.25,0.25]
[3,"3.4",{"$f":"PFP!D11","v":"Desenhista (40807)"},{"$f":"PFP!E11","v":"mês"},1.9,0.9,1]
[3,"3.5",{"$f":"PFP!D12","v":"Técnico de projetos/obra (P8147)"},"mês",0]
[3,"3.6",{"$f":"PFP!D16","v":"Relatório Parcial"},"un",0]
[3,"3.7",{"$f":"PFP!D17","v":"Relatório Final"},"un",1,null,1]
[3,3,"Estudo de Viabilidade Técnica, Econômica e Ambiental (EVTEA)",null,5.1999999999999993,{"$f":"SUM(F15:F21)","v":2.0499999999999998},3.15,0,0,0,0,0,0]
[4,"4.1",{"$f":"PFP!D8","v":"Engenheiro coordenador (P8061)"},{"$f":"PFP!E8","v":"mês"},{"$f":"SUM(F23:M23)","v":0.2},null,null,0.1,0.1]
[4,"4.2",{"$f":"PFP!D9","v":"Engenheiro senior (P8066)"},{"$f":"PFP!E9","v":"mês"},0]
[4,"4.3",{"$f":"PFP!D10","v":"Engenheiro pleno (P8066)"},{"$f":"PFP!E10","v":"mês"},1.8,null,null,0.9,0.9]
[4,"4.4",{"$f":"PFP!D11","v":"Desenhista (40807)"},{"$f":"PFP!E11","v":"mês"},0]
[4,"4.5",{"$f":"PFP!D12","v":"Técnico de projetos/obra (P8147)"},"mês",1.5,null,null,0.5,1]
[4,"4.6",{"$f":"PFP!D16","v":"Relatório Parcial"},{"$f":"PFP!E16","v":"un"},0]
[4,"4.7",{"$f":"PFP!D17","v":"Relatório Final"},{"$f":"PFP!E17","v":"un"},1,null,null,null,1]
[4,4,"Projeto Básico (PB)",null,4.5,{"$f":"SUM(F23:F29)","v":0},0,1.5,3,0,0,0,0]
[5,"5.1","Engenheiro coordenador (P8061)","mês",0.15,{"$nulls":4},0.15]
[5,"5.2","Engenheiro pleno (P8066)","mês",0.5,{"$nulls":4},0.5]
[5,"5.3","Engenheiro júnior (P8065)","mês",0]
[5,"5.4","Desenhista (40807)","mês",0]
[5,"5.5","Arquiteto Pleno","mês",0.125,{"$nulls":4},0.125]
[5,"5.6","Relatório Parcial","un",0]
[5,"5.7","Relatório Final","un",0,{"$nulls":4},0]
[5,5,"Projeto Executivo (PE)",null,0.77500000000000002,{"$f":"SUM(F31:F37)","v":0},0,0,0,0.77500000000000002,0,0,0]
["Total",null,"Balanço de Insumos",null,null,{"$f":"F38+F30+F22+F14","v":5.3999999999999995},5.25,1.5,3,0.77500000000000002,0,0,0]

{"sheet":"CPU VEICULO_PickUp","index":10,"n_rows":84,"n_cols":31,"rows_kept":84,"cut":false,"hidden":false,"merged":[[49,20,49,27],[1,0,1,3],[3,0,3,3],[4,0,4,2],[4,5,4,8],[5,0,5,3],[49,9,49,19]]}
[]
["Composição de Preços de Locação de Veículos"]
[null,null,"Data de atualização:","2023-04-27",null,"CV","Média","Mediana",null,null,null,"CV","Média","Mediana",{"$nulls":8},"CV","Média","Mediana"]
["CODEVASF ",{"$nulls":4},{"$f":"_xlfn.STDEV.S(F7:I7)/AVERAGE(F7:I7)","v":0.10585773654486749},{"$f":"AVERAGE(F7:I7)","v":181000.25},{"$f":"MEDIAN(F7:I7)","v":185107.5},null,null,null,{"$f":"_xlfn.STDEV.S(M6:T6)/AVERAGE(M6:T6)","v":0.14874985251639683},{"$f":"AVERAGE(M6:T6)","v":35.172499999999999},{"$f":"MEDIAN(M6:T6)","v":35.69},{"$nulls":8},{"$f":"_xlfn.STDEV.S(X6:AD6)/AVERAGE(X6:AD6)","v":8.396956354547884E-2},{"$f":"AVERAGE(X6:AE6)","v":467.84062499999999},{"$f":"MEDIAN(X6:AE6)","v":454.01499999999999}]
["OBS:               Preço sem BDI e sem motorista                                                                   BDI=",{"$nulls":4},"Preço FIPE - fevereiro/2023",{"$nulls":4},"PRODUTO ","MENOR","COT. 1","COT. 2","COT. 3","COT. 4","COT. 5","COT. 6","COT. 7","COT. 8",null,"PRODUTO","MENOR","COT. 1","COT. 2","COT. 3","COT. 4","COT. 5","COT. 6","COT. 7","COT. 8"]
["Veículo tipo pick-up, cabine dupla - 2.0 16V 4x4 diesel Aut. ",{"$nulls":4},"Toro Endurance 2.0 16V 4x4 Diesel Aut.","Toro Freedom 2.0 16V 4x4 TB Diesel Aut.","Toro Volcano 2.0 16V 4x4 TB Diesel Aut."," Toro Ranch 2.0 16V 4x4 TB Diesel Aut.\n",null,"LUBRIFICANTE 5W30",{"$f":"SMALL(M4:N4,1)","v":35.172499999999999},29.64,27.9,38,39.979999999999997,39.85,33.380000000000003,31.35,41.28,null,"Pneu 225/65 R17",{"$f":"SMALL(X4:Y4,1)","v":454.01499999999999},470,429.73,405.9,449.32,458.71,523.9,{"$f":"1718.94/4","v":429.73500000000001},575.42999999999995]
[null,null,"Custo Mensal (R$):",{"$f":"D48","v":7159.5828104148613},null,154231,186943,199555,183272]
[null,null,"Custo Diária (R$):",{"$f":"D7/22","v":325.43558229158458}]
[null,null,"Custo Horário (R$):",{"$f":"D7/176","v":40.679447786448073}]
["A",null,"Depreciação mensal do equipamento"]
["A1",null,"Preço de Aquisição ",{"$f":"SMALL(G4:H4,1)","v":181000.25}]
["A2",null,"Tempo previsto de vida útil (meses)",36]
["A3",null,"Previsão de recup. Na venda do bem usado",0.4]
["A4",null,"Custo mensal [A1-(A3xA1)]/A2",{"$f":"(D11-(D13*D11))/D12","v":3016.6708333333331}]
["B",null,"Juros pelo Capital empregado"]
["B1",null,"Taxa mensal de Juros *",{"$f":"POWER(1+D54,1/12)-1","v":1.0793911082132235E-2}]
["B2",null,"Juros s/depreciação/aluguel (B1xA4)",{"$f":"D16*D14","v":32.561676739061745}]
["C",null,"Conservação e manutenção **",0.75]
["C1",null,"Taxa de gastos s/a deprec. Inc. seguros (%)",{"$f":"D18","v":0.75}]
["C2",null,"Incidência mensal (C1xA4)",{"$f":"D19*D14","v":2262.5031249999997}]
["D",null,"Combustível"]
["D1",null,"Média mensal de quilômetro por veículo",{"$f":"130*22","v":2860}]
["D2",null,"Preço do litro de combustível",{"$f":"G60","v":5.79}]
["D3",null,"Quilômetros rodados com um litro combustivel",10]
["D4",null,"Combustivel    (D1/D3)*D2",{"$f":"(D22/D24)*D23","v":1655.94}]
["E",null,"Lubrificantes"]
["E1",null,"Quilometragem do Contrato (D1*12)",{"$f":"D22*36","v":102960}]
["E2",null,"Franquia por troca de óleo (km)",10000]
["E3",null,"Preço do litro de óleo",{"$f":"L6","v":35.172499999999999}]
["E4",null,"Quantidade de litros de óleo por troca",5]
["E5",null,"Quantidade de dias do Contrato",{"$f":"365*3","v":1095}]
["E6",null,"Lubrificantes  E = (E1*E3*E4*30)/E2*E5",{"$f":"(D27*D29*D30*30)/(D28*D31)","v":49.607679452054796}]
["F",null,"Pneus"]
["F1",null,"Quilometragem do Contrato ",{"$f":"D27","v":102960}]
["F2",null,"Vida do Pneu em quilômetros",45000]
["F3",null,"Quantidade de pneus",5]
["F4",null,"Preço do Pneu",{"$f":"W6","v":454.01499999999999}]
["F5",null,"Quantidade de dias do contrato ",{"$f":"D31","v":1095}]
["F6",null,"Pneus = (F1*F3*F4*30)/(F2*F5)",{"$f":"(D34*D36*D37*30)/(D35*D38)","v":142.29949589041095}]
["G",null,"Motorista"]
["G1",null,"Salário com encargos sociais",4185.1099999999997]
["H",null,"Custo Mensal"," "]
[null,null,"Sem Motorista (A4+B2+C2+D4+E6+F6)",{"$f":"D14+D17+D20+D25+D32+D39","v":7159.5828104148613}]
[null,null,"Com Motorista (A4+B2+C2+D4+E6+F6+G1)",{"$f":"D14+D17+D20+D25+D32+D39+D41","v":11344.692810414861}]
["I",null,"Custo Direto p/ km Rodado"]
[null,null,"Sem Motorista",{"$f":"D43/D22","v":2.5033506330121891}]
[null,null,"Com Motorista",{"$f":"D44/D22","v":3.9666758078373641}]
["J",null,"Preço cobrado sem BDI",{"$f":"D43*(1+D5)","v":7159.5828104148613}]
["J1",null,"Sem Motorista",{"$f":"D48","v":7159.5828104148613}]
["J2",null,"Com Motorista",{"$f":"D44","v":11344.692810414861},{"$nulls":5},"https://www.google.com/search?q=lubrificante+5w30&sxsrf=AJOqlzUM514L6uswJHb1jIGpGgXchTtV5A:1677092590843&source=lnms&tbm=shop&sa=X&sqi=2&ved=2ahUKEwj_vYfh6Kn9AhVMBrkGHRT6Bv4Q_AUoAXoECAEQAw&biw=1600&bih=757&dpr=1",{"$nulls":10},"https://www.google.com/search?q=pneu+225%2F65+R17&sa=X&biw=1600&bih=757&tbm=shop&sxsrf=AJOqlzWsb-d4PS1_OUOEhKmRc2RbtSg3RQ%3A1677092596279&ei=9Gb2Y9K5ENTa5OUPvLykGA&ved=0ahUKEwjSg9Pj6Kn9AhVULbkGHTweCQMQ4dUDCAg&uact=5&oq=pneu+225%2F65+R17&gs_lcp=Cgtwcm9kdWN0cy1jYxADMgsIABCABBCxAxCDATIFCAAQgAQyBwgAEIAEEAoyBwgAEIAEEAoyBwgAEIAEEAoyBwgAEIAEEAoyBwgAEIAEEAoyBQgAEIAEMgcIABCABBAKMgcIABCABBAKOgQIIxAnOgQIABBDSgQIQRgAUABYoTJgqUBoAHAAeACAAdIFiAGUKZIBDTAuMi42LjIuMi4yLjGYAQCgAQHAAQE&sclient=products-cc"]
[]
[null,null,"OBSERVAÇÕES:"]
["*",null,"Calculado com base na taxa SELIC ABRIL/2023 - 13,75 % a.a"]
[null,null," Taxa de Juros Selic — Português (Brasil) (www.gov.br) ",0.13750000000000001]
["**",null,"Conservação e manutenção - é calculado com o uso de um coeficiente multiplicador \"k\", conforme tabela abaixo, sobre a "]
[null,null,"depreciação mensal do equipamento (Item A da planilha de composição de preços). Os valores de K são fornecidos por"]
[null,null," fabricantes. "]
[null,null,"Metodologia conforme a bibliografia \"Como Preparar Orçamentos de Obras\", 3 edição, Aldo Dórea Mattos, 2019."]
[null,null,"Preço calculado sem BDI"]
[{"$nulls":5},"PREÇO DO DIESEL",5.79]
{"$rows_empty":23}
[{"$nulls":5},"https://precos.petrobras.com.br/sele%C3%A7%C3%A3o-de-estados-diesel "]

{"sheet":"COT. VANT","index":11,"n_rows":17,"n_cols":10,"rows_kept":17,"cut":false,"hidden":true,"merged":[[1,0,1,9],[7,0,9,0],[7,1,7,5],[8,1,8,5],[9,1,9,5]]}
[]
["COTAÇÃO ORÇAMENTÁRIA DE LEVANTAMENTO PLANIALTIMÉTRICO POR MEIO DE VANT PARA ÁREA NA CIDADE DE PINDARÉ-MIRIM-MA"]
["MÊS/ANO DE REFERÊNCIA ","ÁREA DO PROJETO [ha]","EMPRESA","LOCALIDADE","WEBSITE","CONTATO","AVALIAÇÃO TÉCNICA DA PROPOSTA","PREÇO","PREÇO UNITÁRIO","RELAÇÃO CUSTO-BENEFÍCIO"]
["2022-09-01",50,"DRONES SOLUTION","SALVADOR-BA","http://www.dronessolution.com.br/","contato@dronessolution.com.br","SATISFATÓRIA",9800,{"$f":"(H4/B4)","v":196},"A"]
["2022-09-01",50,"ERG","BELO HORIZONTE-MG","http://www.ergbh.com.br/","comercial@ergbh.com.br","SATISFATÓRIA",13240.5,{"$f":"(H5/B5)","v":264.81},"B"]
["2022-09-01",50,"CEPEMAR","VITÓRIA-ES","http://www.cepemar.com.br/","comercial@cepemar.com.br","SATISFATÓRIA",63000,1260,"C"]
[]
["Observações","  1. Na cotação acima já estão iclusos: Planejamento Aerotogramétrico, Voo Aerotoforamétrico, Apoio de Campo, Aerotriangulação, Restituição, MDT, MDS, Ortofotos, Edição/Revisão e Entrega Final.",{"$nulls":4},"CV com todos valores:",{"$f":"STDEVA(H4:H6)/AVERAGE(H4:H6)","v":1.0380549324194583}]
[null,"  2. INCONCLUSIVA: não apresentou o orçamento de forma detalhada.",{"$nulls":4},"CV tirando o maior valor:",{"$f":"STDEVA(H4:H5)/AVERAGE(H4:H5)","v":0.21117604918923782}]
[null,"  3. SATISFATÓRIA: apresentou, no mínimo, os requisitos básicos de um orçamento.",{"$nulls":4},"Média tirando o maior valor:",{"$f":"AVERAGE(H4:H5)","v":11520.25},"Valor para a área de 65ha"]
[null,"4-Para o valor do serviço de Vant, considerou-se a média tirando o maior valor das cotações recebidas, pois o CV (coeficiente de variação) está muito elevado com as 3 cotaçoes."]
[null,"5-As cotações recebidas foram utilizadas para o serviço de levantamento do Ramal do Manga no Amapá, referente a um trecho de 6,5km de rodovia, com área total estimadade de 65ha."]
[null,"Dessa forma, para a cotação representativa deste serviço, realizou-se a parametrização proporcional a área de estudo do serviço a ser realizado."]
[]
[null,"Portanto:"]
[null,null,{"$f":"I10","v":"Valor para a área de 65ha"},{"$f":"H10","v":11520.25}]
[null,null,"Valor unitário para a área de 1ha",{"$f":"D16/65","v":177.23461538461538}]

{"sheet":"Planilha de Medição","index":12,"n_rows":32,"n_cols":6,"rows_kept":32,"cut":false,"hidden":false,"merged":[[0,1,2,5],[4,1,4,2]]}
[null,"PLANILHA DE MEDIÇÃO"]
[]
[]
[]
[null,"#",null,"DESCRIÇÃO","%","P TOTAL"]
[null,1,1,"Estudos Básicos (EB)",{"$f":"F6/$F$30","v":0.40281321147545829},{"$f":"'CRO1_Ins-Pro'!H18","v":84590.772999999986}]
[null,1,"1.1","Serviços Topográficos/Cartográficos",{"$f":"F7/F6","v":0.27196346816691225},{"$f":"'CRO1_Ins-Pro'!F15","v":23005.599999999999}]
[null,1,"1.2","Serviços Geológicos/Geotécnicos",{"$f":"F8/F6","v":0.27765084969728321},{"$f":"'CRO1_Ins-Pro'!F16+'CRO1_Ins-Pro'!F17","v":23486.699999999997}]
[null,1,"1.3","Estudos Hidrológicos e Hidrogeológicos",3.7999999999999999E-2,{"$f":"E9*F6","v":3214.4493739999994}]
[null,1,"1.4","Relatório de Avaliação Fundiária",{"$f":"1-E7-E8-E9","v":0.41238568213580451},{"$f":"E10*F6","v":34884.023625999987}]
[null,2,2,"Estudo de Viabilidade Técnica, Econômica e Ambiental (EVTEA)",{"$f":"F11/$F$30","v":0.23231125625280669},{"$f":"'CRO1_Ins-Pro'!I18","v":48785.363000000005}]
[null,2,"2.1","Diagnóstico e Prognóstico",0.2185,{"$f":"E12*F11","v":10659.6018155}]
[null,2,"2.2","Análise da Viabilidade Ambiental",0.18559999999999999,{"$f":"E13*F11","v":9054.5633728000012}]
[null,2,"2.3","Avaliação Socioeconômica",0.2258,{"$f":"E14*F11","v":11015.734965400001}]
[null,2,"2.4","Análise Técnica-Econômica-Ambiental",{"$f":"1-SUM(E12:E14)","v":0.37009999999999998},{"$f":"E15*F11","v":18055.462846300001}]
[null,3,3,"Projeto Básico (PB)",{"$f":"F16/$F$30","v":0.23090348837220098},{"$f":"'CRO1_Ins-Pro'!J18","v":48489.731749999992}]
[null,3,"3.1","Projeto de Arquitetura",{"$f":"16.87%+14.13%","v":0.31000000000000005},{"$f":"E17*$F$16","v":15031.8168425}]
[null,3,"3.3","Projeto de Paisagismo",5.1200000000000002E-2,{"$f":"E18*$F$16","v":2482.6742655999997}]
[null,3,"3.4","Projeto de Terraplenagem",0.12690000000000001,6153.3469590749992]
[null,3,"3.5","Projeto de Pavimentação",0.10680000000000001,5178.7033508999994]
[null,3,"3.6","Projeto de Drenagem",0.10009999999999999,4853.8221481749988]
[null,3,"3.7","Projeto de Fundações",5.6399999999999999E-2,2734.8208706999994]
[null,3,"3.8","Projeto de Estruturas",4.8899999999999999E-2,2371.1478825749996]
[null,3,"3.9","Projeto de Instalações Hidrossanitárias",4.9599999999999998E-2,2405.0906947999997]
[null,3,"3.10","Projeto de Instalações Elétricas",5.5500000000000001E-2,2691.1801121249996]
[null,3,"3.11","Projeto de Iluminação",4.87E-2,2361.4499362249994]
[null,3,"3.12","Memorial Descritivo e Relatório Final",{"$f":"1-SUM(E17:E26)","v":4.5900000000000052E-2},2225.6786873250021]
[null,4,4,"Projeto Executivo (PE)",{"$f":"F28/$F$30","v":0.1339720438995341},{"$f":"'CRO1_Ins-Pro'!K18","v":28134.128750000003}]
[]
[{"$nulls":5},{"$f":"F28+F16+F11+F6","v":209999.99649999998}]
[]
[{"$nulls":4},{"$f":"SUM(E6,E11,E16,E28)","v":1}]

{"sheet":"Cronograma Físico-Financeiro","index":13,"n_rows":17,"n_cols":9,"rows_kept":17,"cut":false,"hidden":false,"merged":[[13,1,14,2],[15,1,16,2],[10,1,11,1],[10,2,11,2],[0,1,1,4],[4,1,5,1],[4,2,5,2],[6,1,7,1],[6,2,7,2],[8,1,9,1],[8,2,9,2]]}
[null,"CRONOGRAMA FÍSICO-FINANCEIRO"]
[]
[]
[null,null,null,"Mês 1","Mês 2","Mês 3","Mês 4","Mês 5"]
[null,"Estudos Básicos (EB)",{"$f":"'CRO1_Ins-Pro'!H18","v":84590.772999999986},{"$f":"D6*$C$5","v":67672.618399999992},16918.154599999998,0,0,0,{"$f":"SUM(D5:H5)","v":84590.772999999986}]
[null,null,null,0.8,0.2,null,null,null,1]
[null,"Estudo de Viabilidade Técnica, Econômica e Ambiental (EVTEA)",{"$f":"'CRO1_Ins-Pro'!I18","v":48785.363000000005},{"$f":"D8*$C$7","v":24392.681500000002},24392.681500000002,0,0,0,48785.363000000005]
[null,null,null,0.5,0.5,null,null,null,1]
[null,"Projeto Básico (PB)",{"$f":"'CRO1_Ins-Pro'!J18","v":48489.731749999992},{"$f":"D10*$C$9","v":0},0,24244.865874999996,24244.865874999996,0,48489.731749999992]
[{"$nulls":5},0.5,0.5,null,1]
[null,"Projeto Executivo (PE)",{"$f":"'CRO1_Ins-Pro'!K18","v":28134.128750000003},{"$f":"D12*$C$11","v":0},0,0,0,28134.128750000003,28134.128750000003]
[{"$nulls":7},1,1]
[]
[null,"NO MÊS",null,{"$f":"D5+D7+D9+D11","v":92065.299899999998},41310.8361,24244.865874999996,24244.865874999996,28134.128750000003,{"$f":"SUM(D14:H14)","v":209999.99649999998}]
[null,null,null,{"$f":"D14/SUM($C$5:$C$12)","v":0.43840619730677},0.19671827042149501,0.11545174418610049,0.11545174418610049,0.1339720438995341,{"$f":"SUM(D15:H15)","v":1}]
[null,"ACUMULADO",null,{"$f":"D14","v":92065.299899999998},{"$f":"D16+E14","v":133376.136},157621.00187499999,181865.86774999998,209999.99649999998]
[null,null,null,{"$f":"D15","v":0.43840619730677},0.63512446772826503,0.75057621191436552,0.86602795610046601,1]